000 00758nam a22002657a 4500
003 IBSLLIB
005 20260515040516.0
008 260515b |||||||| |||| 00| 0 eng d
020 _a0582523869
040 _aIBSLLIB
_beng
041 _hEng
082 _a420
_bBYR
100 _aByre , Donn
245 _aIntermendiate Comprehension Passages :
_bWith recall Exercises and aural comprehension tests
260 _aEngland :
_bLongman Group UK Limited ,
_c1964
300 _a122 p ;
_c21 cm
505 _aComprehension Passages
505 _aRecall exercises
505 _aAural comprehension tests
650 _aLanguage
650 _aEnglish And Old English
653 _aIntermediate
653 _aComprehension
942 _cLBK
999 _c22138
_d22138